000
00308nam a2200145Ia 4500
100
_a
Goldstein/Herbert
250
_a
2
942
_c
BK
654
_a
classical mechanics
245
_a
Classical mechanics
260
_b
Narosa Publication House
_c
2000
300
_a
684
546
_a
ENGLISH
999
_c
33845
_d
33845